Guidelines for the fisheries and aquaculture sector on damage and needs assessments in emergencies / (Record no. 106761)
[ view plain ]
| 000 -CABECERA | |
|---|---|
| campo de control de longitud fija | 00996nam a2200325 a 4500 |
| 001 - NÚMERO DE CONTROL | |
| campo de control | 000110299 |
| 003 - IDENTIFICADOR DEL NÚMERO DE CONTROL | |
| campo de control | CHAP |
| 005 - FECHA Y HORA DE LA ÚLTIMA TRANSACCIÓN | |
| campo de control | 20220329144126.0 |
| 008 - DATOS DE LONGITUD FIJA--INFORMACIÓN GENERAL | |
| campo de control de longitud fija | 140812s2013 it adj |r| ||||||eng d |
| 010 ## - NÚMERO DE CONTROL DE LA BIBLIOTECA DEL CONGRESO | |
| Número de control de LC | 106761 |
| 011 ## - ENLACE DEL NUMERO DE CONTROL DE LA BIBLIOTECA DEL CONGRESO [OBSOLETO] | |
| Número de control de LC | 107733 |
| 020 ## - NÚMERO INTERNACIONAL ESTÁNDAR DEL LIBRO | |
| Número Internacional Estándar del Libro | 9789251079140 |
| 040 ## - FUENTE DE LA CATALOGACIÓN | |
| Centro/agencia transcriptor | CHAP |
| 082 04 - NÚMERO DE LA CLASIFICACIÓN DECIMAL DEWEY | |
| Número de clasificación | 639.2 |
| Número de documento/Ítem | F215y |
| 245 10 - MENCIÓN DE TÍTULO | |
| Título | Guidelines for the fisheries and aquaculture sector on damage and needs assessments in emergencies / |
| Mención de responsabilidad, etc. | editado por David Brown y Florence Poulain. |
| 260 ## - PUBLICACIÓN, DISTRIBUCIÓN, ETC. | |
| Lugar de publicación, distribución, etc. | Roma : |
| Nombre del editor, distribuidor, etc. | FAO, |
| Fecha de publicación, distribución, etc. | c2013. |
| 300 ## - DESCRIPCIÓN FÍSICA | |
| Extensión | vii, 114 p. : |
| Otras características físicas | il., diags., tabs. |
| 590 ## - NOTA LOCAL (RLIN) | |
| Nota local | E5995AHE |
| Procedencia (VM) [OBSOLETO] | 05 |
| Condición del los carretes individuales (VM) [OBSOLETO] | 20140812 |
| -- | UCH01 |
| -- | 1439 |
| 590 ## - NOTA LOCAL (RLIN) | |
| Nota local | E5995AHE |
| Procedencia (VM) [OBSOLETO] | 05 |
| Condición del los carretes individuales (VM) [OBSOLETO] | 20140812 |
| -- | UCH01 |
| -- | 1440 |
| 650 14 - PUNTO DE ACCESO ADICIONAL DE MATERIA--TÉRMINO DE MATERIA | |
| Término de materia o nombre geográfico como elemento de entrada | Acuicultura |
| 9 (RLIN) | 758 |
| 650 14 - PUNTO DE ACCESO ADICIONAL DE MATERIA--TÉRMINO DE MATERIA | |
| Término de materia o nombre geográfico como elemento de entrada | Desastres naturales. |
| 9 (RLIN) | 32111 |
| 650 14 - PUNTO DE ACCESO ADICIONAL DE MATERIA--TÉRMINO DE MATERIA | |
| Término de materia o nombre geográfico como elemento de entrada | Evaluación. |
| 9 (RLIN) | 38913 |
| 650 14 - PUNTO DE ACCESO ADICIONAL DE MATERIA--TÉRMINO DE MATERIA | |
| Término de materia o nombre geográfico como elemento de entrada | Pesca sostenible. |
| 9 (RLIN) | 87440 |
| 650 14 - PUNTO DE ACCESO ADICIONAL DE MATERIA--TÉRMINO DE MATERIA | |
| Término de materia o nombre geográfico como elemento de entrada | Riesgos. |
| 9 (RLIN) | 97403 |
| 700 0# - PUNTO DE ACCESO ADICIONAL--NOMBRE DE PERSONA | |
| Nombre de persona | Brown, David W. |
| Término indicativo de función/relación | , ed. |
| 9 (RLIN) | 15634 |
| 700 1# - PUNTO DE ACCESO ADICIONAL--NOMBRE DE PERSONA | |
| Nombre de persona | Poulain, Florence |
| Término indicativo de función/relación | , ed. |
| 9 (RLIN) | 91147 |
| 901 ## - ELEMENTOS DE DATOS A LOCAL LDA (RLIN) | |
| a | BK |
| 942 ## - ELEMENTOS DE PUNTO DE ACCESO ADICIONAL (KOHA) | |
| Tipo de ítem Koha | Libro |
| 942 ## - ELEMENTOS DE PUNTO DE ACCESO ADICIONAL (KOHA) | |
| Suprimir en OPAC | 0 |
| Estado de retiro | Estado de pérdida | Fuente del sistema de clasificación o colocación | Estado dañado | Restricciones de uso | No para préstamo | Código de colección | Localización permanente | Ubicación/localización actual | Ubicación en estantería | Fecha de adquisición | Información codificada de la localización en otra ubicación | Total de préstamos | Signatura topográfica completa | Código de barras | Fecha visto por última vez | Precio válido a partir de | Tipo de ítem Koha |
|---|---|---|---|---|---|---|---|---|---|---|---|---|---|---|---|---|---|
| Dewey Decimal Classification | Préstamo interno | Publicaciones FAO | Biblioteca Central | Biblioteca Central | Planta Principal - Área de préstamo - FAO | 12/08/2014 | LIBRO | 639.2 F215y | 33724002413215 | 31/12/2019 | 12/08/2014 | Libro |
